| 000 | 00651nam a2200229 a 4500 | ||
|---|---|---|---|
| 999 |
_c5091 _d5091 |
||
| 003 | UkOxU | ||
| 005 | 20220404083902.0 | ||
| 008 | 911009s1990 stk 000 0 eng d | ||
| 020 | _a0443033730 | ||
| 040 | _cALUPE UNIVERSITY | ||
| 050 |
_aRC154 _b.B7 1990 |
||
| 092 | _aD0400985264 | ||
| 100 | 1 | _aBryceson, Anthony. | |
| 245 | 1 | 0 |
_aLeprosy / _cAnthony Bryceson, Roy E. Pfaltzgraff |
| 250 | _a3rd ed | ||
| 260 |
_aEdinburgh : _bChurchill Livingstone, _c1990 |
||
| 300 |
_avi, 240 p., 3 p. of col. plates : _bill. ; _c22 cm. |
||
| 650 | 0 | _aLeprosy. | |
| 700 | 1 |
_aPfaltzgraff, Roy E. _q(Roy Edward) |
|
| 942 |
_2lcc _cBK _nMM |
||